| 000 | 00568nam a2200181 4500 | ||
|---|---|---|---|
| 001 | 118624 | ||
| 003 | ES-MaACL | ||
| 005 | 20250722131824.0 | ||
| 007 | t| | ||
| 008 | 070214s1967 sp r ||||1| spa d | ||
| 100 | 0 |
_aDaniel-Rops. _942631 |
|
| 245 | 1 | 0 |
_aEstos cristianos, nuestros hermanos / _cDaniel-Rops [seud] ; versión española de Basilio Losada Castro. |
| 260 |
_aBarcelona : _bLuis Caralt, _c1967. |
||
| 300 |
_a652 p., 8 lám. ; _c22 cm. |
||
| 700 | 1 |
_aLosada, Basilio, _d1930- _974251 |
|
| 852 |
_aES-MaACL _jG-5562 _bR.65504 |
||
| 999 |
_c118624 _d118624 |
||